000 00547nam a22001817a 4500
003 OSt
005 20140310181749.0
008 130626t xxu||||| |||| 00| 0 eng d
020 _a9710866435
050 _aKPM 1214
_b.Ar659 2006
082 _2FIL 331
_bAr1 2006
100 _aAralar, Reynaldo B.
245 _aThe labor code of the Philippines :
_bannotations and jurisprudence /
_cReynaldo B. Aralar.
260 _aDiliman, Quezon City :
_bNational Bookstore
_cc2005 ; c2006
300 _axix. 468 p. ;
_c26 cm.
562 _e1
942 _2lcc
_cBK
999 _c3121
_d3121